La mitad del mundo (Record no. 10574)

MARC details
000 -CABECERA
campo de control de longitud fija 00892nam a2200265 a 4500
001 - NÚMERO DE CONTROL
campo de control BRL_1766
005 - FECHA Y HORA DE LA ÚLTIMA TRANSACCIÓN
campo de control 20190320211346.0
008 - DATOS DE LONGITUD FIJA--INFORMACIÓN GENERAL
campo de control de longitud fija 280715s1990----mx-a######---#000-0#spa-#
020 ## - NÚMERO INTERNACIONAL ESTÁNDAR DEL LIBRO
Número Internacional Estándar del Libro 9683611087
041 ## - CÓDIGO DE LENGUA
Código de lengua del texto/banda sonora o título independiente spa
044 ## - CÓDIGO DEL PAÍS DE LA ENTIDAD EDITORA/PRODUCTORA
Código MARC del país mx
050 #4 - SIGNATURA TOPOGRÁFICA DE LA BIBLIOTECA DEL CONGRESO
Número de clasificación F1221.O86
Número de documento/Ítem .G35 1990
100 1# - ENTRADA PRINCIPAL--NOMBRE DE PERSONA
Nombre de persona Galinier, Jacques
9 (RLIN) 27817
245 10 - MENCIÓN DE TÍTULO
Título La mitad del mundo
Resto del título cuerpo y cosmo en los rituales otomies
Mención de responsabilidad, etc. Jacques Galinier ; traducción de Angela Ochoa y Haydée Silva.
260 ## - PUBLICACIÓN, DISTRIBUCIÓN, ETC.
Lugar de publicación, distribución, etc. México
Nombre del editor, distribuidor, etc. UNAM, Centro de Estudios Mexicanos y Centroamericanos, Instituto Nacional Indigenista
Fecha de publicación, distribución, etc. 1990
300 ## - DESCRIPCIÓN FÍSICA
Extensión 746 p.
Otras características físicas il.
Dimensiones 23 cm.
500 ## - NOTA GENERAL
Nota general Au1953
504 ## - NOTA DE BIBLIOGRAFÍA, ETC.
Nota de bibliografía, etc. Bibliografía: p. 719-737
650 14 - PUNTO DE ACCESO ADICIONAL DE MATERIA--TÉRMINO DE MATERIA
Término de materia o nombre geográfico como elemento de entrada Otomíes
Subdivisión general Religion y mitologia
9 (RLIN) 27818
650 14 - PUNTO DE ACCESO ADICIONAL DE MATERIA--TÉRMINO DE MATERIA
Término de materia o nombre geográfico como elemento de entrada Otomíes
Subdivisión general Ritos y ceremonias
9 (RLIN) 27819
700 1# - PUNTO DE ACCESO ADICIONAL--NOMBRE DE PERSONA
Nombre de persona Ochoa, Angela
Término indicativo de función/relación tr
9 (RLIN) 27820
700 1# - PUNTO DE ACCESO ADICIONAL--NOMBRE DE PERSONA
Nombre de persona Silva, Haydée
Término indicativo de función/relación tr
9 (RLIN) 27821
902 ## - CATALOGADOR
Iniciales GRL
942 ## - ELEMENTOS DE PUNTO DE ACCESO ADICIONAL (KOHA)
Fuente del sistema de clasificación o colocación Library of Congress Classification
Tipo de ítem Koha Libros
Holdings
Estado de retiro Estado de pérdida Estado dañado No para préstamo Localización permanente Ubicación/localización actual Fecha de adquisición Número de inventario Total de préstamos Signatura topográfica completa Código de barras Fecha visto por última vez Precio válido a partir de Tipo de ítem Koha
El ejemplar forma parte de la colección y puede ser consultado según las políticas vigentes.       Biblioteca Centro de Estudios Ruth D. Lechuga Biblioteca Centro de Estudios Ruth D. Lechuga 28/07/2015 Au1953   F1221.O86 .G35 1990 (Au1953) GRL01932 22/03/2019 22/03/2019 Libros